000
00339nam a2200145Ia 4500
008
191201s2009 xx 000 0 und d
082
_a
621.3
_b
MAD
100
_a
MANHAS,Pratima
245
0
_a
Digital Electronics
250
_a
2nd
260
_a
N.Delhi
_b
S.K.Kataria
_c
2009
300
_a
521
650
_a
B.Tech(ECE)
942
_2
ddc
_c
BK
_0
37
999
_c
4250
_d
4250